000 00950cam a22003017a 4500
003 CHAP
005 20220329135129.0
008 971013s1955 r 00010 d
010 _a31413
011 _a32385
035 _a36500
040 _cCHAP
090 _aFolleto 5072 v.11
100 0 0 _aMartínez, Maximino.
_972693
245 1 4 _aLas leguminosas del Estado de México
260 _aToluca, Méx. :
_bGobierno del Estado de México,
_c1955
300 _a64 p.
_b: ilus
590 _aBATCH-UPD
_b10
_c20130110
_lUCH01
_h2101
590 _aBATCH-UPD
_b10
_c20130409
_lUCH01
_h2032
590 _aBATCH-UPD
_b10
_c20130410
_lUCH01
_h1413
590 _aBATCH-UPD
_b10
_c20130914
_lUCH01
_h0730
590 _aCONVERSION
_b10
_c20130109
_lUCH01
_h1318
650 1 4 _aBotánica
_xMéxico (Edo.)
_914593
650 1 4 _aLeguminosas
_xMéxico (Edo.)
_965841
901 _aBK
942 _cFOLL
949 _aFolleto 5072 v.11
_bBC
_cFOLL
_d-84179
_eTS1
_i36500
_mD
_si
999 _c31413
_d31413